| 000 | 00477nam a2200169Ia 4500 | ||
|---|---|---|---|
| 008 | 220216s9999 xx 000 0 und d | ||
| 100 | _aJayasekhar S | ||
| 245 | 0 | _aSectoral equations of sustainability: Narrative of plantation sector in India | |
| 260 |
_bJournal of Plantation Crops _c2018 |
||
| 300 | _a210-217 | ||
| 650 | _aInclusive growth | ||
| 650 | _aPlantation sector | ||
| 650 | _aSustainability | ||
| 650 | _aValue chain | ||
| 700 | _aHughes S.A | ||
| 942 | _cJS | ||
| 999 |
_c68532 _d68532 |
||